TRANSNATIONAL corporations and the tea export industry of Sri Lanka

Bibliographic Details
Corporate Author: Economic and Social Commission for Asia and the Pacific (ESCAP)
Format: Book
Published: Bangkok : ESCAP , 1983
Subjects:

MARC

LEADER 00000cam a2200000 7i4500
001 0000001750
005 20011113.0
090 0 0 |a 338.4766394   |b TRA 1983 
245 0 0 |a TRANSNATIONAL corporations and the tea export industry of Sri Lanka 
260 0 0 |a Bangkok :   |b ESCAP ,   |c 1983 
300 |a 61 p. ;   |c 30 cm. 
650 0 0 |a International business enterprises   |z Sri Lanka 
650 0 0 |a Tea trade   |z Sri Lanka 
710 1 1 |a Economic and Social Commission for Asia and the Pacific (ESCAP) 
998 |a JPSM 
999 |a 0000002712   |b Monograph   |c Open Shelf   |e Default branch